Determinanty sprawozdawczosci finansowej przedsiebiorstw oraz kierunki jej dalszego rozwoju

Saved in:
Bibliographic Details
Main Author: Samelak, Janusz
Format: Book
Language:Polish
Published: Poznan Wydawnictwo Akademii Ekonomicznej w Poznaniu 2004
Series:Prace habilitacyjne 12
Subjects:
Tags: Add Tag
No Tags, Be the first to tag this record!

MARC

LEADER 00000nam$a2200000$$$4500
001 0022913
005 20250509105315.0
020 |a 83-7417-018-2 
022 |a 1642-3119 
041 0 |a pol 
044 |a PL 
245 1 0 |a Determinanty sprawozdawczosci finansowej przedsiebiorstw oraz kierunki jej dalszego rozwoju  |c Janusz Samelak 
264 1 |a Poznan  |b Wydawnictwo Akademii Ekonomicznej w Poznaniu  |c 2004 
300 |a 190 s. 
490 1 |a Prace habilitacyjne  |v 12 
830 0 |a Prace habilitacyjne  |v 12 
610 2 0 |a financie podnikové 
610 2 0 |a bilancie 
610 2 0 |a teória bilančná 
610 2 0 |a analýza finančná 
610 2 0 |a štandardy účtovné medzinárodné 
610 2 0 |a výkazy finančné 
610 2 0 |a Poľsko 
610 2 0 |a Európska únia 
100 1 |a Samelak, Janusz